000 00629nam a22002297a 4500
003 OSt
005 20220107122712.0
008 130429b xxu||||| |||| 00| 0 eng d
020 _a9780521605670
040 _cIIITM-K
082 _a004.36 TEL/I
100 _aTel, Gerard
_983
245 _aIntroduction to distributed algorithms
_cby Gerard Tel
250 _a2nd ed.
260 _aCambridge University Press,
_bIndia,
_c2000.
300 _axi, 596p.
650 _aCOMPUTER SCIENCE
_985
650 _aELECTRONIC DATA PROCESSING
_986
650 _aDISTRIBUTED PROCESSING
_9282
650 _aALGORITHMS
_9283
942 _2ddc
_cBK
999 _c2940
_d2940